000 00491nam a22001817a 4500
003 MPLRDC
005 20220104190142.0
008 210129b ||||| |||| 00| 0 eng d
020 _a978-7-81127-818-7
082 _a542.741 CIT-2
100 _aJAMES M. CITRIN 等著
245 _a一生能有几次工作
_c李旭大 译
250 _a一版一刷
260 _a中国
_b中国传媒大学出版社
_c2010
300 _b
650 _a成功心理学
942 _cBK
_o542.741 CIT-2
999 _c63655
_d63645